000 00477nam a2200157 a 4500
001 000032288
005 20200930063605.0
008 110714s1941 dr 000 0 spa d
040 _aDO-SdBNP
_bspa
_cBNPHU
082 _axxxx
_bM615
100 1 _aMeyreles Soler, Rafael
_937745
245 1 0 _aPoemas cortos de la angustia larga /
_cRafael Meyreles Soler.
260 _aCiudad Trujillo, República Dominicana :
_bLa Nación,
_c1941.
300 _a101 p. ;
_c21 cm.
049 _aBNPD
999 _c31779
_d31779